00744nam a2200169 a 4500003000200000005001700002008004100019050003000060100002500090245015600115260009000271300004000361504004100401650004100442650002500483650006600508020250422120456.0060727s19uu xx 00 eng d aPHS LB 1044.87b.C84 2006 aCuevas, Ivan Nicole. aThe Effect of computer games on the academic performance of fourth year students of Southville International School and Colleges /cIvan Nicole Cuevas. aLas Piñas City, Philippines :bSouthville International School and Colleges,c2006. a30 pages :billustrations ;c28 cm. aIncludes bibliographical references. aComputer gamesxEducational aspects. aStudent performance. aHigh school studentsxEducationvEffect of computer games on.